000 00592nam a2200229Ia 4500
003 OSt
005 20221006165101.0
006 a|||||r|||| 00| 0
007 ta
008 221006b |||||||| |||| 00| 0 eng d
024 _a2,376
037 _cTextual
040 _aFML
_cFML
_beng
041 _2eng
_aeng
082 _aPv, J6
100 _aRevesj G Au.
_9679062
245 0 _aThe Origins and Prehistory of Language
260 _aLondom
_bLohgman, Green & Company
_c1956
300 _a240
_ccm.
942 _hPv, J6
_cTEXL
_2CC
999 _c1119545
_d1119545